000 00899nam a2200229Ia 4500
003 CO-CtgCURN
005 20250410233818.0
008 190722s2002 xx 000 0 spa d
020 _a9586166058
040 _aCO-CtgCURN
_bspa
_ccoctgcurn
082 _a340.1
_bL791
100 _aLlinas Volpe, Marco
_eautor
_94758
245 0 _aLenguaje juridico :
_bfilosofía del lenguaje /
_cMarco Llinas Volpe
260 _aBogotá, Colombia :
_bUniversidad Externado de Colombia,
_c2002
300 _a144 páginas ;
_c20 centímetros
521 _aAREA PROFESIONAL
590 _aPrograma de Derecho_18
650 _aDerecho
_94759
856 _uhttps://unicurn.sharepoint.com/:b:/s/biblioteca/EZqSmgkLwH5PkuPoyXR8vLQB5FNm1QBUOkDUuup3z2MeLQ?e=NlciqK
_yConsulte aquí el texto completo
942 _cBK
_h340.1
_iL791
_2ddc
_n0
999 _c28151
_d28151